Oru Sarjante Ormakkkurippukal/ (Record no. 144569)

000 -LEADER
fixed length control field 00394nam a22001457a 4500
082 ## - DEWEY DECIMAL CLASSIFICATION NUMBER
Classification number M803
Item number PKR/O
100 ## - MAIN ENTRY--AUTHOR NAME
Personal name P K R Warrier
245 ## - TITLE STATEMENT
Title Oru Sarjante Ormakkkurippukal/
Statement of responsibility, etc by P K R Warrier
260 ## - PUBLICATION, DISTRIBUTION, ETC. (IMPRINT)
Place of publication Kottayam:
Name of publisher Sahitya Pravarthaka Cooperative Society,
Year of publication 2000.
300 ## - PHYSICAL DESCRIPTION
Number of Pages 397p.
650 ## - SUBJECT ADDED ENTRY--TOPICAL TERM
Topical Term Memoirs Malayalam
650 ## - SUBJECT ADDED ENTRY--TOPICAL TERM
Topical Term Literature Malayalam
650 ## - SUBJECT ADDED ENTRY--TOPICAL TERM
Topical Term Literature
942 ## - ADDED ENTRY ELEMENTS (KOHA)
Koha item type Book
Holdings
Withdrawn status Lost status Damaged status Not for loan Permanent Location Current Location Shelving location Date acquired Cost, normal purchase price Full call number Accession Number Price effective from Koha item type
        Sree Sankaracharya University of Sanskrit Sree Sankaracharya University of Sanskrit Stacks 17.02.2020 160.00 M803 PKR/O 098977 17.02.2020 Book